O výpredajoch aj online

Bibliographic Details
Main Authors: Knihárová, Martina (ain), Garčár, Ivan (Author, uin), Okrucký, Radovan (Author, uin)
Format: Article
Language:Slovak
ISSN:1335-2008
Subjects:

MARC

LEADER 00000nab a2200000 a 4500
001 vtls000865408
003 SK-MaSNL
005 20260304173955.0
008 180206c2004 xo 0 slo
015 |a SNBRB2004/03-07839 
035 |a CLN000216960 
040 |a SNKBUCL  |b slo  |c SNKBUCL  |e AACR2 
041 0 |a slo 
044 |a xo  |c SK 
080 |a 659.1  |2 UDC-MRF-SK2 
080 |a 658.82  |2 UDC-MRF-SK2 
080 |a 658.849:658.82  |2 UDC-MRF-SK2 
100 1 |a Knihárová, Martina  |4 ain  |9 857675 
245 1 0 |a O výpredajoch aj online  |c Martina Knihárová, Radovan Okrucký, Ivan Garčár 
650 0 7 |a reklama a propagácia  |2 snkbucl  |9 66573 
650 0 7 |a výpredaj sezónny  |x propagácia  |2 snkbucl  |9 1504822 
655 7 |a články z novín a časopisov  |2 snkbucl  |9 267496 
700 1 |a Garčár, Ivan  |4 aut  |4 uin  |9 267822 
700 1 |a Okrucký, Radovan  |4 aut  |4 uin  |9 980957 
773 0 |x 1335-2008  |t Obchod  |g Roč. 9, február (2004), s. 30-31 
850 |a Slovenská národná knižnica v Martine 
852 |a SNK  |b KIS3GCP 
958 |a RBX 
999 |c 3006559  |d 3008489